000 01810cam a22004694i 4500
003 PE-LiUPU
005 20250731175626.0
008 190108s2017 mau r 001 0 eng d
020 _a9781683070566
_q(Vol 1)
020 _a1683070569
_q(Vol 1)
020 _a9781683070573
_q(Vol 2)
020 _a1683070577
_q(Vol 2)
035 _a(Sirsi) a251310
040 _aPE-LiUPU
_bspa
_cPE-LiUPU
_erda
041 1 _agre
_aeng
049 _aPRUA
082 0 4 _a487.4
_bK3
_223
245 0 0 _aKeep up your Biblical Greek in two minutes a day :
_b365 selections for easy review /
_ccompiled and edited by Jonathan G. Kline.
264 1 _aPeabody, Massachusetts :
_bHendrickson Publishers,
_c2017.
300 _a2 volumenes ;
_20 centímetros
336 _atext
_2rdacontent
337 _aunmediated
_2rdamedia
338 _avolume
_2rdacarrier
504 _aIncluye índice.
505 0 _aVolumen I
_t365 selections for easy review.
505 0 _aVolumen II
_t365 more selections for easy review.
526 _aP145
526 _aP127
526 _aP97
526 _aP35
526 _aP14
526 _aP07
650 0 4 _aIdioma griego, biblico
_vLibro de Texto
700 1 _aKline, Jonathan G.,
_ecompilador,
_eeditor.
910 _adbm
_bncf
_cncf
_d20190108
942 _2ddc
_cBOOK
994 _aC0
_bPEPRU
596 _a1
999 _a487.4 K3 1
_wDEWEY
_c30730
_i79723
_f2021-11-11
_g4
_lCCODEBUL1
_mBUL
_p36.04
_r0
_sY
_tBOOK
_u2019-1-8
_xTEOLOGIA
_PP85
_0COMPRA
_1FCOMPR2
_o.STAFF. Colección Teología
_d30730
999 _a487.4 K3 2
_wDEWEY
_c1
_i79724
_f2021-11-11
_g4
_lCCODEBUL1
_mBUL
_p36.04
_r0
_sY
_tBOOK
_u2019-1-8
_xTEOLOGIA
_PP85
_0COMPRA
_1FCOMPR2
_o.STAFF. Colección Teología
980 _81
_gALBERTO SANCHEZ Responsable de Automatización